Capitales de pays avec un tiret. - Statistiques

Statistiques générales
  • Ce quiz a été pris 59 fois
  • Le résultat moyen est 5 sur 12
Statistiques - réponses
HINT ANSWER % Correct
Europe Saint-Marin
65%
Europe Andorre-la-Vieille
59%
Amérique Port-au-Prince
59%
Amérique Saint-Domingue
52%
Afrique Port-Louis
43%
Asie Oulan-Bator
41%
Océanie Port-Vila
37%
Amérique Port-d'Espagne
35%
Afrique Porto-Novo
33%
Amérique Saint-Georges
24%
Asie Nour-Soultan
6%
Océanie Delap-Uliga-Darrit
4%
Aucun quiz correspondant
Distribution des résultats
% des personnes avec chaque résultat
Percentile par nombre de réponses
Votre historique - résultats
Vous n’avez pas pris ce quiz